00605cam a22002052a 4500001000900000003001100009005001700020008004300037020001800080040003200098100002100130245009500151260001700246260001500263260000900278300001000287440001600297500002700313650005900340 024833 AR-FADEU20250918111116.0 311216n1999####xxu####################dd a987-9306-03-1 cBiblioteca Ernesto Sábato aAntunes, Ricardo aAdiós al trabajo? : ensayo sobre las metamorfosis y el rol central del mundo del trabajo aBuenos Aires bAntídoto c1999 a174 p aHerramienta aIncluye bibliografía aSINDICALISMO-CRISIS; TRABAJO; FORDISMO; TOYOTISMO/BDT/